| 000 | 01627nam a2200373 a 4500 | ||
|---|---|---|---|
| 001 | 000013840 | ||
| 003 | DO-SdBNP | ||
| 005 | 20240409073638.0 | ||
| 007 | ta | ||
| 008 | 091130s1998 dr ac 001 0 spa d | ||
| 020 | _z8489539836 | ||
| 040 |
_aDO-SdBNP _bspa _cBNPHU |
||
| 082 | 4 |
_a972.93054 _bG993e _222 |
|
| 100 | 1 |
_aGuzmán R., Leandro, _d1932- _931347 |
|
| 245 | 1 | 0 |
_a1J4 de espigas y de fuegos : _baportes para la memoria necesaria, testimonios de un militante / _cLeandro Guzmán R. ; prólogo Tony Raful. |
| 246 | 1 | 3 | _a14 de junio de espigas y de fuegos |
| 246 | 1 | 3 | _aUno j cuatro, espigas y de fuegos |
| 246 | 1 | 3 | _aCatorce j de espigas y de fuegos |
| 260 |
_aSanto Domingo : _bDe Colores, _c1998 |
||
| 300 |
_a305 p. : _bil., retr. ; _c23 cm |
||
| 500 | _aIncluye índice onomástico. | ||
| 500 | _aIncluye notas al pie de las páginas. | ||
| 500 | _aIncluye datos biográficos del autor en al solapa de la cubierta | ||
| 500 | _aIncluye himno del 14 de junio en la solapa de la contracubierta. | ||
| 505 |
_a1. Dedicatoria _t2. Agradecimientos sinceros.-- _t3.- Prólogo.-- _t4. Palabras al lector.-- _t5. Las Espigas.-- _t6. Los Fuegos.-- _t7. El Terror.-- _t8. Los Ramajes.-- |
||
| 590 | _aInventariado, 2019/MFF | ||
| 610 | 1 | 4 |
_aMOVIMIENTO REVOLUCIONARIO 14 DE JUNIO (REPÚBLICA DOMINICANA) _91373 |
| 650 | 4 |
_aActividades clandestinas _91375 |
|
| 650 | 4 |
_aMovimientos revolucionarios _91376 |
|
| 651 | 4 |
_aRepública Dominicana _xPolítica y Gobierno _yERA DE TRUJILLO, 1930-1961 _91374 |
|
| 700 | 1 | 2 |
_aRaful, Tony, _d1951- _epról. _91377 |
| 910 | _aValidado. Control de calidad MFF | ||
| 942 |
_2ddc _cLBS1 |
||
| 999 |
_c13451 _d13451 |
||